Score 0/15 Timer 03:00
0 Plays Today
soup soup % Correct
Tomato Basil
98.4%
Chicken Noodle
89.3%
Split Pea
58.5%
French Onion
56.1%
Lobster Bisque
52.2%
Miso
44.7%
Cream of Mushroom
42.9%
Matzo Ball
38.8%
soup soup % Correct
Egg Drop
37.2%
New England Clam Chowder
35.3%
Gazpacho
33.9%
Phở
26.2%
Hot and Sour
25%
Manhattan Clam Chowder
20.3%
Mulligatawny
5%

You're not logged in!

Compare scores with friends on all Sporcle quizzes.
OR
Log In

Sporcle TV

Today on Sporcle TV


Watch our educational content, quiz creation guides, and fun videos on Sporcle TV.

Show Comments

Extras

Top Quizzes Today


Score Distribution

Paid Content

Your Account Isn't Verified!

In order to create a playlist on Sporcle, you need to verify the email address you used during registration. Go to your Sporcle Settings to finish the process.

Report this User

Report this user for behavior that violates our Community Guidelines.

Details: